[Event "Match"]
[Site "www.echecsemail.com"]
[Date "2016.05.03"]
[Round "1"]
[White "Pinehill"]
[Black "Cheminet"]
[WhiteElo "2140"]
[BlackElo "1980"]
[Result "1-0"]
[Round "1"]
1.e4 c5
2.Ng1f3 Nb8c6
3.d4 cxd4
4.Nf3xd4 g6
5.Nb1c3 Bf8g7
6.Bc1e3 Ng8f6
7.Bf1c4 Nf6xe4
8.Nc3xe4 d5
9.Bc4b5 Bc8d7
10.Ne4c5 e5
11.Bb5xc6 Qd8a5
12.c3 bxc6
13.Nd4b3 Qa5d8
14.O-O O-O
15.Nc5xd7 Qd8xd7
16.Nb3c5 Qd7c8
17.f4 Qc8f5
18.g4 Qf5c8
19.h3 Rf8e8
20.fxe5 Bg7f8
21.Qd1f3 Qc8c7
22.e6 Re8e7
23.exf7 Re7xf7
24.Qf3xf7 Qc7xf7
25.Rf1xf7 { resign }
1-0

[Event "Match"]
[Site "www.echecsemail.com"]
[Date "2016.05.03"]
[Round "1"]
[White "Huw"]
[Black "Milkyway"]
[WhiteElo "2270"]
[BlackElo "1809"]
[Result "1-0"]
[Round "1"]
1.d4 f5
2.c4 Ng8f6
3.Ng1f3 e6
4.Nb1c3 Bf8b4
5.a3 Bb4xc3
6.bxc3 b6
7.g3 Bc8b7
8.Bf1g2 O-O
9.O-O Nf6e4
10.Qd1c2 d6
11.Bc1f4 Nb8d7
12.Rf1d1 Nd7f6
13.a4 a5
14.Ra1b1 Bb7a6
15.Nf3d2 d5
16.cxd5 exd5
17.c4 Ne4xd2
18.Rd1xd2 Ba6xc4
19.Bf4e5 Nf6e4
20.Bg2xe4 fxe4
21.Qc2c3 Qd8d7
22.Kg2 Rf8f7
23.f4 c6
24.Rb1xb6 Ra8a7
{ time. }
1-0

[Event "Match"]
[Site "www.echecsemail.com"]
[Date "2016.05.03"]
[Round "1"]
[White "Snickers"]
[Black "Silent1"]
[WhiteElo "1809"]
[BlackElo "1790"]
[Result "1/2-1/2"]
[Round "1"]
1.e4 e5
2.Ng1f3 d6
3.d4 Ng8f6
4.Nb1c3 exd4
5.Nf3xd4 a6
6.Bf1e2 Bc8d7
7.O-O Bf8e7
8.Be2f3 O-O
9.Nc3d5 Nf6xd5
10.exd5 c6
11.dxc6 Nb8xc6
12.Bc1e3 Nc6xd4
13.Be3xd4 Bd7c6
14.Bf3xc6 bxc6
15.Qd1g4 Be7f6
16.Ra1d1 Bf6xd4
17.Qg4xd4 d5
18.Rd1d3 Qd8c7
19.Rd3g3 g6
20.f4 Qc7a7
21.Qd4xa7 Ra8xa7
22.f5 Ra7b7
23.b3 Rb7c7
24.fxg6 hxg6
25.Rf1f6 Kg7
26.Rf6f2 Rc7e7
27.Rg3c3 Re7e6
28.g3 Rf8c8
29.Kf1 Re6f6
30.Rf2xf6 Kxf6
31.b4 Ke6
32.a3 Kd6
33.Ke2 Rc8e8
34.Rc3e3 { draw }
1/2-1/2

[Event "Match"]
[Site "www.echecsemail.com"]
[Date "2016.05.03"]
[Round "1"]
[White "Snickers"]
[Black "Wwgia"]
[WhiteElo "1809"]
[BlackElo "2180"]
[Result "1-0"]
[Round "1"]
1.c4 e5
2.Nb1c3 Ng8f6
3.g3 d5
4.cxd5 Nf6xd5
5.Bf1g2 Bc8e6
6.Ng1f3 Nb8c6
7.O-O Bf8e7
8.d3 f6
9.Bc1d2 Qd8d7
10.Nc3xd5 Be6xd5
11.a3 h5
12.h4 O-O-O
13.b4 Kb8
14.b5 Nc6d4
15.Nf3xd4 exd4
16.Bg2xd5 Qd7xd5
17.a4 g5
18.hxg5 h4
19.g4 fxg5
20.Ra1b1  { time }
1-0

[Event "Match"]
[Site "www.echecsemail.com"]
[Date "2016.05.03"]
[Round "1"]
[White "Amo"]
[Black "Pinehill"]
[WhiteElo "1809"]
[BlackElo "2170"]
[Result "0-1"]
[Round "1"]
1.c4 Ng8f6
2.d4 e6
3.g3 Bf8b4
4.Bc1d2 Qd8e7
5.Bf1g2 c5
6.Bd2xb4 cxb4
7.e4 d5
8.e5 Nf6d7
9.cxd5 exd5
10.Bg2xd5 Nd7b6
11.Qd1f3 Nb8c6
12.Bd5xc6 bxc6
13.Qf3xc6 Bc8d7
14.Qc6e4 O-O
15.Ng1f3 Rf8c8
16.Nb1d2 Bd7c6
17.Qe4d3 Bc6d5
18.h4 Nb6c4
19.Nd2xc4 Rc8xc4
20.b3 Rc4c3
21.Qd3b5 Bd5xf3
22.Rh1h2 Ra8c8
23.Kd2 Rc3c2
24.Ke3 Rc8c3
25.Kf4 h6
26.g4 g5
27.Kf5 Qe7e6
{ resign }
0-1

[Event "Match"]
[Site "www.echecsemail.com"]
[Date "2016.05.03"]
[Round "1"]
[White "Cardiff"]
[Black "Delacey"]
[WhiteElo "2080"]
[BlackElo "1960"]
[Result "1/2-1/2"]
[Round "1"]
1.e4 d6
2.d4 Ng8f6
3.Nb1c3 e6
4.Bf1e2 Bf8e7
5.Ng1f3 c6
6.O-O O-O
7.h3 Nb8d7
8.Bc1e3 b6
9.Be2d3 Bc8b7
10.Qd1e2 a6
11.Rf1d1 Nf6e8
12.Rd1e1 b5
13.a3 f5
14.exf5 e5
15.dxe5 dxe5
16.Be3d2 Be7f6
17.Nc3e4 Qd8c7
18.Ne4g5 Nd7c5
19.Ng5e6 Nc5xe6
20.fxe6 c5
21.Bd3e4 Bb7xe4
22.Qe2xe4 Ne8d6
23.Qe4e2 e4
24.Nf3h2 Ra8e8
25.c3 Re8xe6
26.Nh2g4 Rf8e8
27.Bd2f4 Qc7c6
28.Bf4xd6 Qc6xd6
29.Ra1d1 Qd6c6
30.Ng4xf6 Re6xf6
31.Qe2e3 Rf6e6
32.Qe3g3 c4
33.Rd1d4 Re6g6
34.Qg3e3 Rg6e6
35.Re1d1 h6
36.Rd4d8 Re8xd8
37.Rd1xd8 Kh7
38.Rd8d4 a5
39.Qe3f4 a4
40.Qf4f5 Kg8
41.Rd4d8 Re6e8
42.Rd8xe8 { draw }
1/2-1/2

[Event "Match"]
[Site "www.echecsemail.com"]
[Date "2016.05.03"]
[Round "1"]
[White "Elogic"]
[Black "Stevep84"]
[WhiteElo "1880"]
[BlackElo "2240"]
[Result "0-1"]
[Round "1"]
1.f4 e5
2.d4 exf4
3.Bc1xf4 b6
4.e4 Bc8b7
5.Bf1d3 Bf8e7
6.Ng1f3 Ng8f6
7.Nb1c3 O-O
8.Nc3b5 d6
9.e5 Nf6d5
 { time }
0-1

[Event "Match"]
[Site "www.echecsemail.com"]
[Date "2016.05.03"]
[Round "1"]
[White "Umutkrc"]
[Black "Pare123"]
[WhiteElo "1920"]
[BlackElo "2000"]
[Result "0-1"]
[Round "1"]
1.e3 e5
2.Nb1c3 Ng8f6
3.Ng1f3 Nb8c6
4.a3 d5
5.Bf1b5 Bc8d7
6.Bb5xc6 Bd7xc6
7.Nf3xe5 Qd8d6
8.d4 Nf6d7
9.Ne5xc6 Qd6xc6
10.Qd1f3 Nd7f6
11.Qf3e2 a6
12.h4 O-O-O
13.g4 h5
14.g5 Nf6e4
15.Nc3xe4 dxe4
16.c3 Bf8d6
17.Rh1h3 g6
18.b4 Qc6d7
19.Rh3h1 Qd7f5
20.Bc1b2 f6
21.gxf6 Qf5xf6
22.c4 Rh8f8
23.c5 Bd6e7
24.d5 Qf6f3
25.Qe2xf3 exf3
26.O-O-O Rf8f5
27.e4 Rf5f4
28.e5 Be7xh4
29.d6 Bh4xf2
30.e6 cxd6
31.e7 Rd8e8
32.cxd6 Kd7
33.Rh1f1 Bf2e3
34.Kc2 g5
35.Rd1d3 Be3b6
36.Bb2e5 Rf4f5
37.Be5h2 g4
38.Rd3c3 h4
39.Rc3c4 g3
40.Bh2xg3 hxg3
41.Kb3 g2
{ resign }
0-1

[Event "Match"]
[Site "www.echecsemail.com"]
[Date "2016.05.03"]
[Round "1"]
[White "Osvalazo"]
[Black "Micheles"]
[WhiteElo "1700"]
[BlackElo "2520"]
[Result "0-1"]
[Round "1"]
1.e4 c6
2.Bf1c4 d5
3.exd5 cxd5
4.Bc4b5 Nb8c6
5.Bb5xc6 bxc6
6.Ng1f3 Bc8g4
7.h3 Bg4xf3
8.gxf3 Ng8f6
9.d4 e6
10.Bc1g5 Qd8b6
11.b3 c5
12.Bg5xf6 gxf6
13.Nb1c3 cxd4
14.Nc3a4 Qb6a5
15.Qd1d2 Bf8b4
 { time }
0-1

[Event "Match"]
[Site "www.echecsemail.com"]
[Date "2016.05.03"]
[Round "1"]
[White "Olddog55"]
[Black "Amo"]
[WhiteElo "1620"]
[BlackElo "1679"]
[Result "0-1"]
[Round "1"]
1.d4 Ng8f6
2.Ng1f3 d5
3.e3 Bc8f5
4.Nf3e5 c6
5.Bf1e2 e6
6.O-O Bf8d6
7.f4 Nb8d7
8.h3 Nf6e4
9.Be2d3 Qd8h4
10.Ne5f3 Qh4g3
11.c4 dxc4
12.Bd3xc4 b5
13.Bc4b3 a5
14.a4 b4
15.Qd1c2 Ra8c8
16.Bb3c4 Nd7b6
17.Bc4a6 Ne4c5
18.Qc2c4 Nb6xc4
{ resign }
0-1

[Event "Match"]
[Site "www.echecsemail.com"]
[Date "2016.05.03"]
[Round "1"]
[White "Caspito"]
[Black "Amo"]
[WhiteElo "1710"]
[BlackElo "1809"]
[Result "1-0"]
[Round "1"]
1.e4 e5
2.Ng1f3 Nb8c6
3.Bf1c4 h6
4.c3 Bf8c5
5.O-O d6
6.d4 exd4
7.cxd4 Bc5b6
8.Nb1c3 Bc8d7
9.Bc1e3 Nc6e7
10.b3 Ng8f6
11.e5 Nf6g4
12.Nc3d5 dxe5
13.Nf3xe5 Ng4xe5
14.Nd5xb6 Ne5xc4
15.Nb6xc4 Bd7b5
16.Qd1h5 Bb5xc4
17.bxc4 g6
18.Qh5f3 c6
19.Ra1b1 b6
20.a4 f5
21.c5 bxc5
22.dxc5 Ne7d5
23.Rb1b7 Qd8c8
24.Rb7g7 g5
25.Qf3h5 Kd8
26.Be3xg5 { resign }
1-0

[Event "Match"]
[Site "www.echecsemail.com"]
[Date "2016.05.03"]
[Round "1"]
[White "Daquata"]
[Black "Orae"]
[WhiteElo "1660"]
[BlackElo "1720"]
[Result "1-0"]
[Round "1"]
1.e4 e5
2.Ng1f3 Nb8c6
3.Bf1c4 h6
4.d4 Ng8f6
5.Nb1c3 Bf8b4
6.O-O Bb4xc3
7.bxc3 O-O
8.Rf1e1 a6
9.dxe5 Nf6e8
10.Bc1a3 d6
11.exd6 cxd6
12.e5 Bc8e6
13.Bc4b3 Kh8
14.exd6 Qd8d7
15.Nf3e5 Nc6xe5
16.Re1xe5 Be6xb3
17.cxb3 f6
18.Re5e7 Qd7c6
19.d7 Ra8d8
20.Qd1g4 g5
21.dxe8Q Rf8xe8
22.Ra1e1 Qc6xc3
23.Re7xe8 Rd8xe8
24.Re1xe8 Kg7
25.Qg4d7 Kg6
26.Re8g8 Kh5
27.Qd7h3 Qc3xh3
28.gxh3 f5
29.Rg8g7 b5
30.Rg7a7 { resign }
1-0

[Event "Match"]
[Site "www.echecsemail.com"]
[Date "2016.05.03"]
[Round "1"]
[White "Markos123"]
[Black "Jpjohnston"]
[WhiteElo "1780"]
[BlackElo "2060"]
[Result "1-0"]
[Round "1"]
1.d4 d5
2.e3 Nb8c6
3.Bf1b5 Bc8d7
4.Bb5xc6 Bd7xc6
5.b3 Ng8f6
6.Ng1f3 e6
7.Nf3e5 Bc6b5
8.Nb1c3 Bf8b4
9.Bc1d2 Bb4xc3
10.Bd2xc3 O-O
11.Bc3b4 Rf8e8
12.c4 a5
13.cxb5 axb4
14.O-O Nf6d7
15.Ne5g4 b6
16.Qd1f3 Ra8a5
17.a4 c5
18.Qf3g3 Ra5a7
19.Ng4h6 Kf8
20.Nh6g4 Nd7f6
21.Ng4e5 Qd8c7
22.Ra1c1 Nf6e4
23.Qg3f4 Ne4d2
24.Rf1d1 Nd2xb3
25.Rc1c2 Ra7xa4
26.g3 Qc7b7
27.Kg2 Nb3a1
28.Rc2c1 Re8a8
29.dxc5 bxc5
30.Rc1xc5 b3
31.Qf4f3 Na1c2
32.Rd1b1 Ra4b4
33.Qf3e2 Ra8a1
34.Rb1xa1 Nc2xa1
35.Ne5c6 b2
36.Nc6xb4 b1Q
37.Nb4c6 Na1b3
38.Nc6e5 Nb3xc5
39.Ne5c6 Qb1xb5
40.Nc6d4 Qb5xe2
41.Nd4xe2 d4
42.Kh3 d3
43.Ne2c3 Qb7f3
44.Nc3b5  { time }
1-0

[Event "Match"]
[Site "www.echecsemail.com"]
[Date "2016.05.03"]
[Round "1"]
[White "Nimzo"]
[Black "Witpar"]
[WhiteElo "2840"]
[BlackElo "2640"]
[Result "1/2-1/2"]
[Round "1"]
1.d4 Ng8f6
2.c4 g6
3.g3 Bf8g7
4.Bf1g2 d5
5.cxd5 Nf6xd5
6.Ng1f3 Nd5b6
7.Nb1c3 Nb8c6
8.e3 O-O
9.O-O Rf8e8
10.h3 a5
11.d5 Nc6b4
12.e4 c6
13.a3 Nb4a6
14.dxc6 bxc6
15.e5 Bc8b7
16.e6 f5
17.Qd1c2 Na6c7
18.Bc1f4 c5
19.Ra1d1 Qd8c8
20.Rf1e1 a4
21.Qc2e2 Ra8a5
22.h4 Nc7d5
23.Bf4e5 Nd5f6
24.Nf3g5 Bb7xg2
25.Kxg2 Qc8a6
26.f3 Qa6xe2
27.Re1xe2 Nb6c4
28.Ng5f7 Ra5a6
29.Be5xf6 Bg7xf6
30.Nc3d5 Ra6c6
31.h5 Bf6d4
32.hxg6 hxg6
33.Rd1h1 Kg7
34.Kf1 Rc6c8
35.f4 Rc8b8
36.Re2h2 Rb8xb2
37.Rh2h7 Kg8
38.Rh7h8 Bd4xh8
39.Rh1xh8 Kg7
40.Rh8xe8 Nc4d2
41.Ke2 Nd2e4
42.Kd3 Rb2d2
43.Kc4 Rd2d4
44.Kb5 Rd4xd5
45.Re8xe7 Kf6
46.Re7e8 Ne4d6
47.Nf7xd6 Rd5xd6
48.e7 Rd6e6
49.Kxa4 Re6e3
50.Re8g8 { draw }
1/2-1/2

[Event "Match"]
[Site "www.echecsemail.com"]
[Date "2016.05.03"]
[Round "1"]
[White "Coraza"]
[Black "Daquata"]
[WhiteElo "1740"]
[BlackElo "1660"]
[Result "0-1"]
[Round "1"]
1.e4 c5
2.Bf1c4 Nb8c6
3.Qd1f3 Nc6e5
4.Qf3b3 Ne5xc4
5.Qb3xc4 d6
6.Ng1f3 Qd8c7
7.O-O Ng8f6
8.Nf3g5 e6
9.Nb1c3 Bf8e7
10.Nc3b5 Qc7c6
11.Rf1e1 h6
12.Ng5f3 O-O
13.d4 Bc8d7
14.a4 Nf6xe4
15.Qc4d3 Ne4f6
16.c4 a6
17.d5 exd5
18.Nb5c3 dxc4
19.Qd3xc4 Rf8e8
20.Bc1e3 d5
21.Qc4d3 d4
22.Be3xd4 cxd4
23.Nf3xd4 Qc6b6
24.a5 Qb6c5
25.Re1c1 Ra8c8
26.Nc3e2 Qc5e5
27.f4 Qe5h5
28.Qd3b3 Bd7g4
29.Rc1e1 Bg4xe2
30.Nd4xe2 Be7c5
31.Kh1 Re8xe2
32.Qb3xb7 Re2xe1
33.Ra1xe1 Rc8e8
34.Re1f1 Qh5e2
35.Qb7f3 Qe2xf3
36.gxf3 Bc5b4
37.Rf1a1 Re8e2
38.b3 Re2e1
39.Ra1xe1 Bb4xe1
40.Kg1 Be1xa5
41.Kg2 Nf6d5
42.Kg3 f5
43.h4 Ba5d2
44.h5 Nd5xf4
45.b4 Nf4d5
{ resign }
0-1

[Event "Tourn. n8651"]
[Site "www.chess-mail.com"]
[Date "2016.05.04"]
[Round "1"]
[White "Sorren"]
[Black "Ditto"]
[WhiteElo "1790"]
[BlackElo "1620"]
[Result "1-0"]
[Round "1"]
1.e4 e5
2.Ng1f3 Nb8c6
3.Bf1c4 Ng8f6
4.Nf3g5 d5
5.exd5 Nc6d4
6.d6 Qd8xd6
7.O-O Bc8e6
8.Ng5xe6 Nd4xe6
9.Nb1c3 Bf8e7
10.Rf1e1 O-O
11.d3 c6
12.Nc3e4 Ne6d4
13.Ne4xd6 Be7xd6
14.Bc1g5 Nf6d7
15.c3 Nd4f5
16.Qd1f3 Nf5e7
17.Bg5xe7 Bd6xe7
18.d4 Be7d6
19.Ra1d1 Nd7b6
20.Bc4b3 exd4
21.Rd1xd4 Bd6c5
22.Rd4e4 Ra8d8
23.Re1d1 Rd8c8
24.Re4f4 Rc8e8
25.Rf4xf7 Kh8
26.Rf7xf8 Re8xf8
27.Qf3xf8 Bc5xf8
28.Rd1d8 g6
29.Rd8xf8 Kg7
30.Rf8f7 Kh6
31.Rf7xb7 Nb6c8
32.Rb7c7 Nc8d6
33.Rc7xc6 Nd6e4
34.Rc6a6 Kg5
35.Ra6xa7 h5
36.a4 Kf6
37.a5 Ne4c5
38.Bb3a2 Ke5
39.Ra7g7 Kf6
40.Rg7f7 Ke5
41.f4 Ke4
42.Ba2b1 Kd5
43.Rf7f6 Nc5b3
44.Bb1a2 { resign }
1-0

[Event "Tourn. n8710"]
[Site "www.chess-mail.com"]
[Date "2016.05.04"]
[Round "1"]
[White "Shlomo"]
[Black "Nugun"]
[WhiteElo "1700"]
[BlackElo "1810"]
[Result "1-0"]
[Round "1"]
1.e4 c6
2.d4 d5
3.Nb1c3 Ng8f6
4.e5 Nf6e4
5.Qd1f3 e6
6.Bc1d2 Nb8d7
7.Nc3xe4 c5
8.Ne4d6 Bf8xd6
9.exd6 Qd8b6
10.Qf3g3 cxd4
11.O-O-O O-O
12.Bd2h6 g6
13.Bh6xf8 Kxf8
14.Bf1d3 Nd7c5
15.Ng1f3 f6
16.Qg3f4 Kg7
17.h4 e5
18.Nf3xe5 Qb6xd6
19.Rd1e1 fxe5
20.Re1xe5 Bc8f5
21.Bd3xf5 Ra8f8
22.g4 d3
23.Qf4d4 gxf5
24.Re5e7 Kg6
25.Qd4g7 
1-0

[Event "Tourn. n8731"]
[Site "www.chess-mail.com"]
[Date "2016.05.04"]
[Round "1"]
[White "Cal"]
[Black "Daquata"]
[WhiteElo "1630"]
[BlackElo "1630"]
[Result "0-1"]
[Round "1"]
1.Ng1f3 d5
2.h3 Nb8c6
3.d4 Ng8f6
4.e3 Bc8f5
5.a3 e6
6.Nb1c3 Bf8d6
7.Bf1b5 O-O
8.Bb5xc6 bxc6
9.Bc1d2 c5
10.dxc5 Bd6xc5
11.O-O Ra8b8
12.b4 Bc5b6
13.Nc3e2 Nf6e4
14.Nf3e5 Qd8d6
15.Bd2e1 Qd6xe5
16.f4 Bb6xe3
17.Kh2 Qe5d6
18.Rf1f3 Be3b6
19.Be1g3 c5
20.bxc5 Qd6xc5
21.Bg3e1 Rf8c8
22.c3 Ne4xc3
23.Qd1d2 Nc3xe2
24.Qd2xe2 Bf5e4
25.Ra1a2 Be4xf3
26.Qe2xf3 Qc5g1
27.Kg3 Qg1xe1
28.Kg4 f5
29.Kg5 Bb6d8
30.Kh5 g6
31.Kh6 Qe1h4
{ resign }
0-1

[Event "Tourn. n8695"]
[Site "www.chess-mail.com"]
[Date "2016.05.04"]
[Round "1"]
[White "Coventry"]
[Black "Bojan"]
[WhiteElo "1850"]
[BlackElo "2000"]
[Result "0-1"]
[Round "1"]
1.f4 b6
2.Ng1f3 Bc8b7
3.d4 Ng8f6
4.c4 Bb7xf3
5.exf3 d5
6.Nb1c3 e6
7.Bf1e2 Nb8c6
8.Bc1e3 Bf8b4
9.O-O Nc6a5
10.cxd5 Qd8d7
11.Be2b5 c6
12.dxc6 Qd7c7
13.Ra1c1 O-O
14.a3 Bb4d6
15.b4 Na5xc6
16.Nc3e4 Bd6xf4
17.Be3xf4 Qc7xf4
18.Ne4xf6 Qf4xf6
19.Bb5xc6 Ra8d8
20.d5 Rd8d6
21.b5 Rf8d8
22.Qd1a4 a5
23.dxe6 Qf6xe6
24.Rf1e1 Qe6f6
25.Qa4e4 g6
26.Qe4e7 Qf6d4
27.Kh1 Qd4b2
28.a4 Rd6d2
29.f4 Rd8d6
30.Qe7e8 Kg7
31.Rc1b1 Qb2f6
32.Re1f1 Rd2a2
33.f5 Ra2xa4
34.fxg6 Qf6xg6
35.Qe8e5 Kh6
36.Rf1f3 Qg6xb1
{ resign }
0-1

[Event "Tourn. n8706"]
[Site "www.chess-mail.com"]
[Date "2016.05.04"]
[Round "1"]
[White "Daquata"]
[Black "Gandalf"]
[WhiteElo "1700"]
[BlackElo "1610"]
[Result "1/2-1/2"]
[Round "1"]
1.e4 d5
2.exd5 Qd8xd5
3.Nb1c3 Qd5a5
4.d4 Ng8f6
5.Ng1f3 c6
6.Bc1d2 Bc8f5
7.Nc3e4 Qa5c7
8.Ne4xf6 exf6
9.Bf1e2 Bf8d6
10.O-O O-O
11.c3 Nb8d7
12.Rf1e1 Rf8e8
13.h3 Bf5e4
14.Qd1b3 Qc7b6
15.Bd2e3 Nd7f8
16.Nf3d2 Qb6xb3
17.axb3 Be4g6
18.Nd2c4 Bd6c7
19.Be2f3 Bg6d3
20.Bf3e2 Bd3xe2
21.Re1xe2 Nf8g6
22.Re2e1 a6
23.Nc4a5 Bc7xa5
24.Ra1xa5 h6
25.Ra5a1 Ra8d8
26.Ra1d1 Kf8
27.Kf1 Re8e6
28.c4 Rd8e8
{ draw }
1/2-1/2

[Event "Tourn. n8576"]
[Site "www.chess-mail.com"]
[Date "2016.05.04"]
[Round "1"]
[White "Robert66"]
[Black "Jpjohnston"]
[WhiteElo "2060"]
[BlackElo "2060"]
[Result "1-0"]
[Round "1"]
1.Ng1f3 d5
2.d4 Bc8f5
3.Nb1c3 e6
4.Bc1d2 Nb8c6
5.a3 Bf8d6
6.e3 a6
7.Bf1e2 Ng8f6
8.O-O O-O
9.h3 h6
10.Rf1e1 Nf6e4
11.Nc3xe4 Bf5xe4
12.b4 b5
13.c3 Be4xf3
14.Be2xf3 Qd8h4
15.e4 dxe4
16.Bf3e2 f5
17.Be2f1 Ra8d8
18.g3 Qh4f6
19.Qd1h5 Bd6e7
20.Bd2f4 Be7d6
21.Bf4xd6 Rd8xd6
22.f4 Kh7
23.Qh5e2 Nc6e7
24.Qe2g2 Ne7d5
25.Qg2c2 Rd6c6
26.c4 Qf6xd4
27.Kh2 Nd5e3
28.Qc2a2 Ne3xc4
29.Bf1xc4 Qd4xc4
30.Re1d1 Qc4c2
31.Rd1d2 Qc2xa2
32.Ra1xa2 Rc6d6
33.Rd2c2 Rf8c8
34.Kg2 c5
35.Rc2xc5 Rc8xc5
36.bxc5 Rd6c6
37.Ra2c2 Kg6
38.Kf2 Kf6
39.Ke3 g5
40.Rc2c3 e5
41.fxg5 Kxg5
42.g4 a5
43.gxf5 Kxf5
44.h4 b4
45.axb4 axb4
46.Rc3b3 Rc6xc5
47.Rb3xb4 Rc5c3
48.Kd2  { time }
1-0

[Event "Tourn. n8725"]
[Site "www.chess-mail.com"]
[Date "2016.05.04"]
[Round "1"]
[White "Daquata"]
[Black "Redabond"]
[WhiteElo "1620"]
[BlackElo "1550"]
[Result "1-0"]
[Round "1"]
1.e4 e5
2.Ng1f3 Nb8c6
3.Bf1c4 h6
4.d4 Ng8f6
5.Nb1c3 exd4
6.Nf3xd4 Nc6xd4
7.Qd1xd4 Qd8e7
8.O-O Qe7c5
9.Bc1e3 Qc5xd4
10.Be3xd4 Bf8b4
11.e5 Bb4xc3
12.Bd4xc3 Nf6g8
13.e6 dxe6
14.Bc3xg7 Rh8h7
15.Bg7e5 c6
16.Bc4d3 f5
17.g4 fxg4
18.Bd3xh7 Ng8e7
19.Ra1d1 Ne7d5
20.c4 Nd5b6
21.b3 Bc8d7
22.Be5c7 Ra8c8
23.Bc7xb6 axb6
24.Rf1e1 Rc8a8
25.Bh7g6 Ke7
26.a4 Ra8g8
27.Bg6f5 Rg8f8
28.Bf5xg4 Rf8g8
29.h3 h5
30.f3 hxg4
31.fxg4 Kf6
32.Rd1xd7 Rg8b8
33.Re1f1 Kg5
34.Rd7e7 Kh4
35.Kg2 b5
36.Re7xe6 Rb8d8
37.Re6e5 Rd8d2
38.Rf1f2 Rd2d3
39.Re5h5 { resign }
1-0

[Event "Tourn. n8378"]
[Site "www.chess-mail.com"]
[Date "2016.05.04"]
[Round "1"]
[White "Alvarin111"]
[Black "Ditto"]
[WhiteElo "1880"]
[BlackElo "1830"]
[Result "0-1"]
[Round "1"]
1.e4 e5
2.Ng1f3 Nb8c6
3.Nb1c3 Ng8f6
4.d4 d6
5.Bf1c4 Bf8e7
6.O-O O-O
7.d5 Nc6b8
8.a3 Bc8g4
9.h3 Bg4d7
10.b4 c6
11.Bc1b2 cxd5
12.exd5 Qd8b6
13.Rf1e1 Bd7f5
14.Nf3d2 Nb8d7
15.Nc3a4 Qb6c7
16.Bc4b3 a6
17.c4 Bf5d3
18.f3 Nf6h5
19.Re1e3 Nh5f4
20.Ra1c1 Nd7f6
21.Kh2 Qc7d7
22.c5 Qd7f5
23.g4 Qf5g5
24.Nd2e4 Bd3xe4
25.fxe4 Nf4h5
26.Qd1f3 Nh5f4
27.Qf3g3 Qg5g6
28.Bb3c2 Nf6d7
29.c6 bxc6
30.dxc6 Nd7f6
31.c7 Nf4e6
32.Na4b6 Ne6xc7
33.Nb6d5 Nf6xd5
34.exd5 Qg6g5
35.Bc2e4 Qg5h6
36.Rc1g1 Be7h4
37.Qg3f3 Bh4g5
38.Re3d3 Nc7b5
39.Rg1d1 Bg5f4
40.Kg2 Ra8c8
41.a4 Rc8c2
42.Kf1 Rc2xb2
43.axb5 axb5
44.Rd3b3 Rb2h2
45.Qf3d3 Rh2h1
46.Be4xh1 Rf8b8
47.Bh1g2 Qh6f6
48.Kg1 Qf6d8
49.Bg2e4 Qd8f6
50.Be4xh7 Kf8
51.Bh7f5 Qf6g5
52.Kg2 Qg5f6
53.Bf5d7 g6
54.Bd7xb5 Kg7
55.Bb5c6 Qf6e7
56.b5 Rb8h8
57.Qd3e4 Qe7a7
58.Rd1b1 Qa7a2
59.Rb1b2 Qa2a7
60.b6 Qa7e7
61.Rb2a2 Qe7g5
62.b7 Rh8xh3
63.Rb3xh3 Qg5xg4
64.Kf1 Qg4xh3
65.Qe4g2 Qh3d3
66.Qg2e2 Qd3h3
67.Qe2g2 Qh3d3
68.Ra2e2 Qd3b1
69.Kf2 Qb1b6
70.Kf3 Qb6b3
 { time }
0-1

[Event "Tourn. n8664"]
[Site "www.chess-mail.com"]
[Date "2016.05.04"]
[Round "1"]
[White "Paul30"]
[Black "Nugun"]
[WhiteElo "1820"]
[BlackElo "1750"]
[Result "1-0"]
[Round "1"]
1.e4 c6
2.d4 d5
3.Nb1c3 Ng8f6
4.e5 Nf6e4
5.Nc3xe4 dxe4
6.c3 Bc8f5
7.Ng1e2 g6
8.Ne2g3 Bf8g7
9.Bc1g5 Qd8d7
10.Bf1e2 b6
11.Qd1b3 Bf5e6
12.Be2c4 b5
13.Bc4xe6 fxe6
14.Ng3xe4 O-O
15.Ne4c5 Qd7d5
16.Qb3xd5 exd5
17.Bg5xe7 Rf8f7
18.Be7d6 Nb8d7
19.Nc5xd7 Rf7xd7
20.O-O Bg7f8
21.Bd6xf8 Ra8xf8
22.Ra1e1 Rd7b7
23.b4 a5
24.a3 Rf8a8
25.Re1a1 Kf7
26.f4 Ke6
27.Rf1f3 Rb7f7
28.Ra1f1 axb4
29.axb4 h6
30.g4 h5
31.f5 Ke7
32.fxg6 Rf7xf3
33.Rf1xf3 hxg4
34.Rf3f6 Ra8a1
35.Kg2 Ra1a2
36.Kg3 Ra2a3
37.Kxg4 Ra3a2
38.h4 Ra2a3
39.g7 Ra3a8
40.h5 Ra8g8
41.h6 Ke8
42.Kg5 Ke7
43.Kg6 Ke8
44.h7 { resign }
1-0

[Event "Tourn. n8696"]
[Site "www.chess-mail.com"]
[Date "2016.05.04"]
[Round "1"]
[White "Daquata"]
[Black "Gatrooper"]
[WhiteElo "1680"]
[BlackElo "1570"]
[Result "1/2-1/2"]
[Round "1"]
1.e4 e5
2.Ng1f3 Nb8c6
3.Bf1c4 d6
4.d4 Bc8e6
5.d5 Nc6a5
6.dxe6 Na5xc4
7.exf7 Kxf7
8.Qd1d5 Ke8
9.Qd5xc4 Ng8f6
10.Bc1g5 Bf8e7
11.Nb1c3 h6
12.Bg5xf6 Be7xf6
13.O-O-O a6
14.Nc3d5 c6
15.Nd5xf6 gxf6
16.Qc4e6 Qd8e7
17.Qe6xd6 Ra8d8
18.Qd6xd8 Qe7xd8
19.Rd1xd8 Kxd8
20.Rh1d1 Kc7
21.Nf3h4 h5
22.Nh4f5 b5
23.Rd1d6 Kb6
24.Rd6xf6 Rh8g8
25.g3 Rg8g4
26.f3 Rg4g8
27.Rf6e6 a5
28.Re6xe5 a4
29.Nf5h4 Ka5
30.Re5xh5 Rg8c8
31.e5 Rc8e8
32.f4 b4
33.e6 Kb6
34.f5 c5
35.Nh4g6 a3
36.e7 Kc7
37.Rh5h8 Re8xe7
38.f6 Re7e1
39.Kd2 axb2
40.Kxe1 b1Q
41.Kd2 Qb1f1
42.Rh8h7 Kd6
43.f7 Qf1f2
44.Kc1 Qf2e3
45.Kb1 Qe3e1
46.Kb2 Qe1c3
47.Kb1 Qc3e1
48.Kb2 Qe1c3
49.Kb1 Qc3e1
50.Kb2 Qe1c3

1/2-1/2

[Event "Tourn. n8689"]
[Site "www.chess-mail.com"]
[Date "2016.05.04"]
[Round "1"]
[White "Piekki"]
[Black "Faerieking"]
[WhiteElo "2050"]
[BlackElo "2200"]
[Result "1-0"]
[Round "1"]
1.e4 e5
2.Ng1f3 Nb8c6
3.Bf1b5 Ng8f6
4.d3 Bf8c5
5.c3 d6
6.h3 Bc8d7
7.O-O a6
8.Bb5a4 O-O
9.Ba4c2 Rf8e8
10.Nb1d2 Qd8e7
11.Rf1e1 Ra8d8
12.Nd2f1 Nf6h5
13.Nf3g5 g6
14.Nf1h2 Nh5g7
15.Bc2b3 Ng7e6
16.h4 h5
17.g4 hxg4
18.Nh2xg4 Kg7
19.Ng5xe6 Bd7xe6
20.Bc1g5 Be6xg4
21.Qd1xg4 f6
22.Bg5e3 Re8h8
23.Bb3e6 Bc5xe3
24.Re1xe3 Rh8h6
25.Re3g3 Rd8h8
26.Be6f5 Kf8
27.Bf5xg6 Rh6xh4
28.Qg4c8 Kg7
29.Bg6h5 Kh6
30.Qc8xh8 { resign }
1-0

[Event "Tourn. n8644"]
[Site "www.chess-mail.com"]
[Date "2016.05.04"]
[Round "1"]
[White "Goofy"]
[Black "Ciappo"]
[WhiteElo "2300"]
[BlackElo "2440"]
[Result "0-1"]
[Round "1"]
1.d4 g6
2.e4 Bf8g7
3.Nb1c3 d6
4.Ng1f3 a6
5.Bc1e3 b5
6.a3 Nb8d7
7.Bf1e2 Bc8b7
8.O-O e6
9.Qd1d2 Ng8e7
10.Ra1d1 O-O
11.Be3h6 Nd7f6
12.Bh6xg7 Kxg7
13.h3 Nf6xe4
14.Nc3xe4 Bb7xe4
15.c3 h6
16.Nf3h2 Be4d5
17.Be2d3 Qd8c8
18.Nh2g4 Rf8h8
19.Qd2f4 f5
20.Ng4e3 g5
21.Qf4h2 Bd5b3
22.Rd1e1 Ne7g6
23.g3 Qc8d7
24.Qh2g2 Ra8f8
25.Qg2b7 f4
26.Ne3g2 Bb3d5
27.Qb7xa6 Rf8a8
28.Qa6xb5 c6
{ resign }
0-1

[Event "Tourn. n8696"]
[Site "www.chess-mail.com"]
[Date "2016.05.04"]
[Round "1"]
[White "Olddog55"]
[Black "Cal"]
[WhiteElo "1590"]
[BlackElo "1610"]
[Result "1-0"]
[Round "1"]
1.d4 d5
2.Ng1f3 h6
3.e3 a6
4.Bf1d3 Ng8f6
5.Nf3e5 e6
6.f4 Bf8d6
7.O-O b5
8.b3 Bd6xe5
9.fxe5 Nf6h7
10.Qd1h5 O-O
11.e4 Bc8b7
12.exd5 Bb7xd5
13.Nb1d2 c5
14.Rf1f4 f6
15.Rf4g4 f5
16.Rg4g6 cxd4
17.Qh5xh6 Rf8f7
18.Nd2f3 Bd5xf3
19.gxf3 Kh8
20.Qh6h5 Nb8d7
21.Rg6xe6 Qd8f8
22.Bc1b2 Nd7c5
23.Re6d6 Nc5xd3
24.cxd3 f4
25.Bb2xd4 Rf7f5
26.Qh5g6 Rf5g5
27.Qg6xg5 Ra8c8
28.Qg5h4 Kg8
29.Ra1e1 Qf8f5
30.e6 Qf5xd3
31.e7 Nh7f6
32.Qh4xf4 Qd3g6
33.Kh1 Rc8e8
34.Rd6d8 Qg6f7
35.Qf4g5 Kh7
36.Qg5f5 Kg8
37.Qf5g5 Kh7
38.Bd4xf6 gxf6
39.Qg5h4 Kg6
40.Re1e4 Re8xe7
41.Rd8h8 Re7xe4
42.Qh4xe4 f5
43.Qe4c6 Qf7f6
44.Rh8g8 Kf7
45.Qc6e8 
1-0

[Event "Match"]
[Site "www.echecsemail.com"]
[Date "2016.05.04"]
[Round "1"]
[White "Liencam2"]
[Black "Pinehill"]
[WhiteElo "2330"]
[BlackElo "2120"]
[Result "1-0"]
[Round "1"]
1.e4 d5
2.exd5 Ng8f6
3.d4 Qd8xd5
4.c4 Qd5d6
5.g3 Bc8f5
6.Bf1g2 c6
7.Ng1f3 h6
8.O-O e6
9.Bc1f4 Qd6b4
10.b3 g5
11.Bf4e5 Bf8g7
12.a3 Qb4a5
13.Nb1c3 Qa5xc3
14.d5 cxd5
15.Be5xc3 { resign }
1-0

[Event "Match"]
[Site "www.echecsemail.com"]
[Date "2016.05.04"]
[Round "1"]
[White "Snickers"]
[Black "Ericleo1980"]
[WhiteElo "1809"]
[BlackElo "2260"]
[Result "0-1"]
[Round "1"]
1.e4 c5
2.Ng1f3 d6
3.d4 cxd4
4.Nf3xd4 Ng8f6
5.Nb1c3 a6
6.g3 e5
7.Nd4e2 Bf8e7
8.Bf1g2 Bc8e6
9.O-O Nb8d7
10.Nc3d5 Nf6xd5
11.exd5 Be6f5
12.b3 b5
13.Bc1b2 Ra8c8
14.c3 O-O
15.a4 Qd8b6
16.axb5 axb5
17.Kh1 Nd7f6
18.h3 Nf6e4
19.Ra1c1 Ne4xf2
{ resign }
0-1

[Event "Match"]
[Site "www.echecsemail.com"]
[Date "2016.05.04"]
[Round "1"]
[White "Guidom"]
[Black "Genius2"]
[WhiteElo "2100"]
[BlackElo "1980"]
[Result "1/2-1/2"]
[Round "1"]
1.e4 g6
2.d4 Bf8g7
3.e5 d6
4.exd6 exd6
5.Ng1f3 Ng8e7
6.Bf1d3 O-O
7.O-O Ne7f5
8.c3 Rf8e8
9.Bc1f4 c6
10.Nb1d2 d5
11.Nd2b3 b6
12.Nf3e5 f6
13.Bd3xf5 Bc8xf5
14.Ne5f3 Nb8d7
15.Rf1e1 Re8xe1
16.Qd1xe1 Qd8e8
{ draw }
1/2-1/2